000 01208nam a2200301 4500
001 0000014871
003 CO-CtgCURN
005 20250329191003.0
007 ta
008 160627s1994 000 0 eng d
020 _a2600039
040 _aCO-CtgCURN
_bspa
_ccoctgcurn
082 0 _a657.09
_bH629
245 0 0 _aHistoria de la contaduria publica en colombia siglo xx /
_cHumberto Cubides C...[et. al.].
250 _a2a ed.
260 _aBogotá :
_bUniversidad Central,
_c1994.
300 _a496 p.
336 _2rdacontent
337 _2rdamedia
_asin mediacion
_bn
338 _2rdacarrier
_avolumen
_bnc
500 _aIncluye indice.
505 8 _aLey 145/60.--Ley 43 diciembre 13 1990, adiciona la ley 145 de 1960 reglamenta la profesion de contador publico y se dictan otras disposiciones.--Decreto 907/83.--Decreto 768/78.--Decreto 1776/73.--Decreto 1.--109/63.--Decreto 1.--462/61.--Republica de Colombia ministerial de educación nacional ley 145 de 1960.--
650 1 4 _aContabilidad
_vEnseñanza superior.
700 1 _aCubides C., Humberto.
908 _a160627
942 _cBK
_h657.09
_iH629
_2ddc
999 _c10345
_d10345